| 000 | 00559nam a2200205Ia 4500 | ||
|---|---|---|---|
| 005 | 20260523130712.0 | ||
| 008 | 131103s9999 xx 000 0 und d | ||
| 040 | _aLoreto College | ||
| 041 | _aEnglish | ||
| 082 |
_a801.95 _bSAI |
||
| 100 | _aSaintsbury, George | ||
| 245 | 2 |
_aA History of English criticism _cby George Saintsbury |
|
| 260 |
_aEdinburg _bWillium Blackwood _c1911 |
||
| 300 | _axiii,551 p. | ||
| 504 | _aIncludes index | ||
| 650 | _aLiterature - | ||
| 651 | _aLiterary criticism - Literary theory - | ||
| 850 | _aLCLIB | ||
| 942 | _cBK | ||
| 999 |
_c553 _d51032 |
||